|
|
|
|
| LEADER |
00000nab a2200000 a 4500 |
| 001 |
vtls000571073 |
| 003 |
SK-MaSNL |
| 005 |
20260318132953.0 |
| 008 |
180331c1994 xo 0 eng |
| 015 |
|
|
|a SNBRA19rr/mm-uuuuu
|
| 035 |
|
|
|a CL0571211
|
| 040 |
|
|
|a SNKBUCL
|b slo
|c SNKBUCL
|e AACR2
|
| 041 |
0 |
|
|a eng
|
| 044 |
|
|
|a xo
|c SK
|
| 080 |
|
|
|a 625.122:624.138
|2 1981
|
| 080 |
|
|
|a 624.138
|2 1981
|
| 100 |
1 |
|
|a Timofejeva, Ljudmila M.
|4 aut
|9 1231588
|
| 245 |
1 |
0 |
|a Modern methods of railway embankments landslide reinforcements
|c Ljudmila M. Timofejeva
|
| 300 |
|
|
|b Lit. 2 zázn. v ruš.
|
| 650 |
0 |
7 |
|a železničné násypy
|2 snkbucl
|9 1231587
|
| 650 |
0 |
7 |
|a spevňovanie
|2 snkbucl
|9 50196
|
| 655 |
|
7 |
|a články zo zborníkov
|2 snkbucl
|9 166140
|
| 773 |
0 |
|
|t Traffic effects on structures and environment - TESE '94. Vol. 2
|d Žilina : Carpatia Tour - Educo Centrum, 1994
|g S. 273-277
|z 8085655047
|
| 850 |
|
|
|a Slovenská národná knižnica v Martine
|a MTA001
|
| 852 |
|
|
|a SNK
|b KIS3GCP
|
| 958 |
|
|
|a RK
|
| 958 |
|
|
|a UA
|
| 992 |
|
|
|a RZB
|
| 999 |
|
|
|c 2170833
|d 2172763
|